Central Library OPAC University of Rajshahi

Human resource management / (Record no. 63810)

MARC details
000 -LEADER
fixed length control field 00718nam a2200241 a 4500
001 - CONTROL NUMBER
control field 63810
003 - CONTROL NUMBER IDENTIFIER
rucl marc code BD-RjUL
005 - DATE AND TIME OF LATEST TRANSACTION
control field 20211209081233.0
008 - FIXED-LENGTH DATA ELEMENTS--GENERAL INFORMATION
fixed length control field 170204r20041995ii |||| |||| 001 0 eng d
020 ## - INTERNATIONAL STANDARD BOOK NUMBER
International Standard Book Number 0070585148
035 ## - SYSTEM CONTROL NUMBER
System control number (BD-RjUL)63940
040 ## - CATALOGING SOURCE
Original cataloging agency BD-RjUL
Language of cataloging eng
Transcribing agency BD-RjUL
041 ## - LANGUAGE CODE
Language code of text/sound track or separate title eng
082 04 - DEWEY DECIMAL CLASSIFICATION NUMBER
Classification number 658.30954
Author mark and year IVM 2004
Edition number 23
100 10 - MAIN ENTRY--PERSONAL NAME
Personal name Ivancevich, John M.
9 (RLIN) 175079
245 1# - TITLE STATEMENT
Title Human resource management /
Statement of responsibility, etc. John M. Ivancevich
260 ## - PUBLICATION, DISTRIBUTION, ETC. (IMPRINT)
Place of publication, distribution, etc. New Delhi :
Name of publisher, distributor, etc. Tata Mcgraw-Hill Publishing Company limited,
Date of publication, distribution, etc. c2004
300 ## - PHYSICAL DESCRIPTION
Pagination 647 p. ;
Size 21 cm.
504 ## - BIBLIOGRAPHY, ETC. NOTE
Bibliography, etc Include index.
650 ## - SUBJECT ADDED ENTRY--TOPICAL TERM
Topical term or geographic name as entry element Personnel management -- India.
9 (RLIN) 10514
Topical term or geographic name as entry element Industrial relations -- India.
9 (RLIN) 8659
942 ## - ADDED ENTRY ELEMENTS (KOHA)
Source of classification or shelving scheme Dewey Decimal Classification
Koha item type Books
Holdings
Lost status Source of classification or shelving scheme Damaged status Not for loan Collection code Permanent Location Current Location Shelving location Date acquired Source of acquisition Cost, normal purchase price Total Checkouts Full call number Date last seen Copy number Koha item type
  Dewey Decimal Classification   Not For Loan Non-fiction Central Library, University of Rajshahi Central Library, University of Rajshahi Reading Room 12/06/2008 Dhaka, Paragon Enterprises Ltd 360.00   658.30954 IVM 2004 04/02/2017 C-1 Books